| 000 | 00802nam a2200241 i 4500 | ||
|---|---|---|---|
| 001 | 12004 | ||
| 003 | ES-MaACL | ||
| 005 | 20250808040849.0 | ||
| 007 | t| | ||
| 008 | 930113s1991 sp a |||| | spa d | ||
| 020 | _a84-206-7106-1 | ||
| 080 | _a75(460:4)"16" | ||
| 100 | 1 |
_aGarcía Felguera, María de los Santos. _954589 |
|
| 245 | 1 | 0 |
_aViajeros, eruditos y artistas _b: los europeos ante la pintura española del siglo de oro / _cMaría de los Santos García Felguera. |
| 260 |
_aMadrid : _bAlianza Editorial, _cD.L. 1991. |
||
| 300 |
_a168 p : _bil ; _c23 cm. |
||
| 490 | 1 |
_aAlianza forma ; _v106 |
|
| 504 | _aBibliografía: p. 155-168. | ||
| 650 | 4 |
_aPintura española- _xS.XVII. _916041 |
|
| 830 | 0 | 0 |
_aAlianza forma _v106 _9177869 |
| 852 |
_aES-MaACL _jL-19343 |
||
| 999 |
_c12004 _d12004 |
||